| 000 | 00639aam a2200241 4500 | ||
|---|---|---|---|
| 005 | 20250507171538.0 | ||
| 008 | 150605b2006 xxu||||| |||| 00| 0 spa d | ||
| 020 | _a9789977134352 | ||
| 041 | _aESP | ||
| 082 | _a347.067 M516r | ||
| 100 | _aMejía Marín, Ligia | ||
| 100 | _aPérez Trivino, Gabriel | ||
| 245 | _aRecursos en materia penal y testimonio como medio de prueba : teoría y práctica | ||
| 260 | _aColombia | ||
| 260 | _bEdiciones Jurídica Radar | ||
| 260 | _c1990 | ||
| 300 | _a317 páginas | ||
| 650 | _aTESTIMONIO | ||
| 650 | _aPRUEBA | ||
| 650 | _aRECURSOS | ||
| 650 | _aTESTIMONIO PENAL | ||
| 942 |
_cBK _2ddc |
||
| 999 |
_c6208 _d6208 |
||